000 00487nmm a2200169Ia 4500
008 251105s9999||||xx |||||||||||||||||und||
041 _aspa
100 _aConnelly, Michael
245 0 _aLo mejor de Michael Connelly
264 _a[Madrid, España] :
_bRoca Editorial,
_c2012
300 _a0 páginas
650 _aThriller & Suspense
700 _aConnelly, Michael
700 1 _a Martín Milanes, Helena
856 _uhttps://public.digitaliapublishing.com/a/34405
942 _cCF
999 _c64161
_d64161